Marketingový mix podniku bakalárska práca

Enregistré dans:
Détails bibliographiques
Auteur principal: Vagaský, Erik
Collectivité auteur: Podnikovohospodárska fakulta EU so sídlom v Košiciach. Katedra obchodného podnikania
Autres auteurs: Pružinský, Michal, 1952-
Format: Livre
Langue:slovaque
Publié: Košice 2015
Tags: Ajouter un tag
Pas de tags, Soyez le premier à ajouter un tag!

MARC

LEADER 00000nbm a2200000 4500
001 0202266
005 20161212094509.7
041 0 |a slo 
044 |a SK 
245 1 0 |a Marketingový mix podniku  |b bakalárska práca  |c Erik Vagaský ; školiteľ: Michal Pružinský 
264 1 |a Košice  |c 2015 
300 |a 54 s. 
100 1 |a Vagaský, Erik 
700 1 |a Pružinský, Michal, 1952- 
710 2 |a Podnikovohospodárska fakulta EU so sídlom v Košiciach. Katedra obchodného podnikania